L'Italie pour les touristes... - Facile - Statistiques

Statistiques générales
  • Ce quiz a été pris 142 fois
  • Le résultat moyen est 17 sur 20
Statistiques - réponses
Question Indice Réponses Indice facile % Correct
Le suffixe internet est it
100%
Quelle est la langue officielle ? Italien I
100%
Quelles sont les principales villes touristiques ? R Rome MERO
98%
La conduite se fait à droite ou à gauche ? Droite
97%
Quelle est la monnaie ? Euro E
97%
Quelles sont les principales villes touristiques ? V Venise SEVEIN
97%
Quelles autres langues sont répandues ? Français F
96%
Dans la capitale y-a-t-il un décalage horaire avec Paris ? (oui/non) Non
96%
Quelles sont les principales villes touristiques ? M Milan MALIN
95%
Quelles sont les principales villes touristiques ? N Naples PANELS
95%
Quelles sont les principales villes touristiques ? F Florence CONFEREL
94%
Quelles sont les principales villes touristiques ? T Turin TUNIR
93%
Achats à faire 1/ Assaisonnement de salade Vinaigre {balsamique} ALAMBIQUES
92%
La vitesse sur autoroute est limitée à {130} km/h
89%
Quelles sont les principales villes touristiques ? P Palerme EMPALER
83%
Le taux d'alcoolémie toléré au volant est de {0.5} g/l
80%
Quelles autres langues sont répandues ? Allemand A
80%
Achats à faire 2/ Champignon apprécié Truffe FFURET
71%
La religion majoritaire est catholicisme C
66%
Achats à faire 3/ Verre de Murano NAMOUR
21%
Aucun quiz correspondant
Distribution des résultats
% des personnes avec chaque résultat
Percentile par nombre de réponses
Votre historique - résultats
Vous n’avez pas pris ce quiz